Nicolai Caussini, Trecensis, é Societate Jesu de Eloquentia Sacra et Humana Libri 16

Bibliographic Details
Main Author: Caussin, Nicolaus (Author)
Format: Book
Language:Slovak
Published: Coloniae Agrippinae Sumptibus Hermanni Demen... 1681

MARC

LEADER 00000nam a2200000 a 4500
001 vtls001410896
003 SK-MaSNL
005 20260302072151.0
008 240314sm y0 xo r 0 slo
020 |c 9.000,00 
035 |a SNK000365595 
040 |a SNK  |b slo  |c SNK  |e AACR2 
044 |a xo  |c SK 
100 1 |a Caussin, Nicolaus  |4 aut  |9 734881 
245 1 0 |a Nicolai Caussini, Trecensis, é Societate Jesu de Eloquentia Sacra et Humana  |n Libri 16 
260 |a Coloniae Agrippinae  |b Sumptibus Hermanni Demen...  |c 1681 
999 |c 1155352  |d 1157282 
952 |t P60, <04>, [BOOK], {604}  |a SNK  |b SNK  |y VYP  |7 0  |o snkIC 129323  |i snkK 415/2001  |0 0  |1 0  |4 0  |d 2001-04-04  |l 0  |r 2005-01-02 00:00:00  |w 2026-02-24